Missing Word: 'B' Blitz Quiz Stats

 Plays Quiz Updated Apr 14, 2019

Score 0/30 Timer 01:30
6 Plays Today
Hint Answer % Correct
____ to the FutureBack
89.6%
Golden Gate ______Bridge
89.4%
George H. W. _____Bush
88.7%
Taco ____Bell
88.5%
atomic ____bomb
88.4%
___ BangBig
88.4%
_____ FridayBlack
88.3%
Itsy _____ SpiderBitsy
88.1%
____ SimpsonBart
87.8%
God _____ AmericaBless
87.7%
______ MaryBloody
87.2%
____ marrowbone
86.9%
_____ The Vampire SlayerBuffy
85.7%
Usain ____Bolt
85.6%
______ RuthBabe
85.4%
Hint Answer % Correct
a _____ from the pastblast
85.1%
____ whaleblue
83.7%
Lo and ______!behold
81.5%
______ AiresBuenos
80.5%
_____ HollyBuddy
80%
Denver _______Broncos
74.2%
______ and HerzegovinaBosnia
73.6%
_____ BagginsBilbo
72.3%
____, James ____Bond
65.9%
The _____ of SevilleBarber
62.4%
_____ SpaceBlank
56.9%
The _______ KaramazovBrothers
56.2%
Old ____ SeasoningBay
41.5%
____ of YouBest
41.5%
____ KhalifaBurj
35.2%

Today's Daily Dose

You're not logged in!

Compare scores with friends on all Sporcle quizzes.
OR
Log In

Sporcle TV

Today on Sporcle TV


Watch our educational content, quiz creation guides, and fun videos on Sporcle TV.

Show Comments

Extras

Top Quizzes Today


Score Distribution

Your Account Isn't Verified!

In order to create a playlist on Sporcle, you need to verify the email address you used during registration. Go to your Sporcle Settings to finish the process.

Report this User

Report this user for behavior that violates our Community Guidelines.

Details: